[Event "XXV C.to Italiano a squadre A"]
[Site "ITA"]
[Date "1993.??.??"]
[Round "2"]
[White "Grassi, Mario"]
[Black "Iotti, Pierluigi"]
[Result "0-1"]
[WhiteElo "2181"]
[BlackElo "2300"]
[PlyCount "144"]
[EventDate "1993.01.31"]

1. Nf3 e6 2. c4 d5 3. g3 Nf6 4. Bg2 Be7 5. O-O O-O 6. Qc2 c6 7. a3 Nbd7 8. d4
b6 9. Nc3 Ba6 10. cxd5 cxd5 11. Bg5 Bd6 12. Rfd1 Qc7 13. Rac1 Rac8 14. Qb1 Qb8
15. e3 Rc7 16. Bf4 Bxf4 17. gxf4 g6 18. b4 Rfc8 19. Qb2 Bc4 20. b5 Qb7 21. Ne1
Ne8 22. Qb4 a5 23. Qb2 Nd6 24. a4 Nf6 25. Nf3 Nd7 26. Ne5 f6 27. Nxd7 Rxd7 28.
Bh3 Kf7 29. Bg2 f5 30. Nb1 Rdc7 31. Rc3 Ne4 32. Bxe4 dxe4 33. Rdc1 Bd5 34. Nd2
Ke8 35. R1c2 Kd7 36. Qc1 Rxc3 37. Rxc3 Rxc3 38. Qxc3 Qc7 39. Qb2 Qd6 40. f3
exf3 41. Kf2 g5 42. Nxf3 Bxf3 43. Kxf3 Qd5+ 44. Kg3 h6 45. fxg5 hxg5 46. Qe2
Qh1 47. Qf2 Qd1 48. Qa2 Qg4+ 49. Kf2 Qh3 50. Qc4 Qxh2+ 51. Kf1 Qh1+ 52. Kf2 g4
53. Qc3 Qf3+ 54. Ke1 g3 55. d5 Qh1+ 56. Ke2 Qg2+ 57. Ke1 Qxd5 58. Qg7+ Kd6 59.
Qxg3+ Qe5 60. Qf3 Qe4 61. Qd1+ Kc5 62. Kf2 f4 63. Qc1+ Qc4 64. Qd1 fxe3+ 65.
Kxe3 e5 66. Qh5 Qd4+ 67. Ke2 Kb4 68. Qe8 e4 69. Qc6 Kxa4 70. Qe8 Kb4 71. Kf1 a4
72. Qc6 Qc4+ 0-1

[Event "XXV C.to Italiano a squadre A"]
[Site "ITA"]
[Date "1993.??.??"]
[Round "2"]
[White "Ianniello, Riccardo"]
[Black "Garofalo, Pietro"]
[Result "1-0"]
[WhiteElo "2320"]
[BlackElo "1970"]
[PlyCount "59"]
[EventDate "1993.01.31"]

1. e4 Nf6 2. e5 Nd5 3. Bc4 Nb6 4. Bb3 d5 5. d4 Bf5 6. Ne2 e6 7. Be3 c5 8. dxc5
N6d7 9. Nd4 Bg6 10. O-O Bxc5 11. f4 O-O 12. c3 Nc6 13. Bf2 Be7 14. Nd2 Nc5 15.
N2f3 Qd7 16. Bc2 Nxd4 17. Bxd4 Bxc2 18. Qxc2 Rac8 19. Rad1 b5 20. Bxc5 Rxc5 21.
Qd3 Qb7 22. Nd4 g6 23. Kh1 Rfc8 24. a3 Rc4 25. Rf3 a5 26. f5 exf5 27. Nxf5 gxf5
28. Qxf5 Rh4 29. Qxf7+ Kh8 30. Rg3 1-0

[Event "XXV C.to Italiano a squadre A"]
[Site "ITA"]
[Date "1993.??.??"]
[Round "2"]
[White "Iudicello, Giovanni"]
[Black "Malgaroli, Luciano"]
[WhiteElo "2118"]
[BlackElo "2171"]
[Result "1-0"]
[PlyCount "72"]
[EventDate "1993.01.31"]

1. e4 Nc6 2. d4 d5 3. e5 Bf5 4. Nf3 e6 5. Bb5 Qd7 6. c3 a6 7. Ba4 Be7 8. Be3 h5
9. Nbd2 Nh6 10. O-O b5 11. Bc2 Bxc2 12. Qxc2 Nf5 13. a4 O-O 14. b4 f6 15. axb5
axb5 16. exf6 gxf6 17. Qd3 Rxa1 18. Rxa1 Nd8 19. Nf1 Bd6 20. Ng3 Bxg3 21. hxg3
Nf7 22. Ra7 N7d6 23. Bf4 Rb8 24. Nh4 Nxh4 25. gxh4 Ne8 26. Qg6+ Qg7 27. Qxh5
Rc8 28. Qe2 Kf7 29. Qxb5 Ke7 30. Qc6 Qg4 31. g3 Qd1+ 32. Kg2 Qe2 33. Be3 Qc4
34. Qxc4 dxc4 35. Bf4 Kd7 36. h5 Ng7 1-0

[Event "XXV C.to Italiano a squadre A"]
[Site "ITA"]
[Date "1993.??.??"]
[Round "2"]
[White "Joksic, Sinisa"]
[Black "Voltolini, Giuseppe"]
[Result "1/2-1/2"]
[WhiteElo "2325"]
[BlackElo "2325"]
[PlyCount "84"]
[EventDate "1993.01.31"]

1. d4 Nf6 2. c4 e6 3. Nf3 d5 4. Nc3 Be7 5. Bg5 O-O 6. e3 h6 7. Bh4 b6 8. cxd5
Nxd5 9. Nxd5 exd5 10. Bxe7 Qxe7 11. Rc1 Bb7 12. Qa4 c5 13. dxc5 bxc5 14. Qa3
Rc8 15. Bd3 Kf8 16. Bf5 Rc7 17. O-O a5 18. Bd3 a4 19. Rfd1 c4 20. Nd4 Na6 21.
Be2 Nb4 22. Nf5 Qc5 23. e4 Re8 24. Qg3 f6 25. a3 Na6 26. Nd6 Re5 27. Nxb7 Rxb7
28. Rxd5 Rxd5 29. exd5 Rxb2 30. Bf1 Qxd5 31. Qg4 Nc7 32. Qc8+ Ne8 33. Re1 Qb5
34. Bxc4 Rc2 35. Bxb5 Rxc8 36. Bxa4 Nd6 37. Bb3 Rc3 38. Rb1 Nb5 39. Bd5 Rxa3
40. f3 Nc3 41. Rb8+ Ke7 42. Bc4 Ra7 1/2-1/2

[Event "XXV C.to Italiano a squadre A"]
[Site "ITA"]
[Date "1993.??.??"]
[Round "2"]
[White "Lagumina, Giulio"]
[Black "Abatino, Maurizio"]
[Result "0-1"]
[WhiteElo "2275"]
[BlackElo "2380"]
[PlyCount "58"]
[EventDate "1993.01.31"]

1. e4 e6 2. d4 d5 3. exd5 exd5 4. Nf3 Bd6 5. c4 c6 6. Nc3 Ne7 7. Bd3 dxc4 8.
Bxc4 O-O 9. O-O Bg4 10. h3 Bh5 11. g4 Bg6 12. Ne5 Nd7 13. f4 b5 14. Bb3 Nxe5
15. dxe5 Bc5+ 16. Kh2 Bd3 17. Rf3 Bc4 18. Qxd8 Raxd8 19. Bxc4 bxc4 20. Ne4 Bb6
21. Nd6 f6 22. exf6 Rxd6 23. fxe7 Re8 24. f5 Rd1 25. f6 gxf6 26. Rxf6 Rxe7 27.
Bh6 Re2+ 28. Kg3 Rd3+ 29. Rf3 Bf2+ 0-1

[Event "XXV C.to Italiano a squadre A"]
[Site "ITA"]
[Date "1993.??.??"]
[Round "2"]
[White "Lucaroni, Massimiliano"]
[Black "Sibilio, Mario"]
[Result "1/2-1/2"]
[WhiteElo "2295"]
[BlackElo "2325"]
[PlyCount "111"]
[EventDate "1993.01.31"]

1. e4 c5 2. Nf3 b6 3. d4 cxd4 4. Nxd4 Bb7 5. Nc3 a6 6. Be3 e6 7. Bd3 Qc7 8. O-O
Nf6 9. a3 d6 10. f4 Nbd7 11. Qe2 Be7 12. Rae1 h5 13. h3 h4 14. Rf3 Nc5 15. Bf2
Nh5 16. b4 Nxd3 17. Qxd3 Rc8 18. f5 e5 19. Nd5 Bxd5 20. exd5 exd4 21. Bxh4 O-O
22. Rxe7 Qxc2 23. g4 Nf6 24. Bxf6 gxf6 25. Qxd4 Rfe8 26. Qxf6 Rxe7 27. Qxe7
Qd1+ 28. Kg2 Qxd5 29. Qg5+ Kf8 30. Kg3 Qe5+ 31. Qf4 Qe1+ 32. Rf2 Rc3+ 33. Kg2
Ke7 34. f6+ Kd7 35. Rd2 Rg3+ 36. Qxg3 Qxd2+ 37. Qf2 Qd5+ 38. Qf3 Qd2+ 39. Kg1
Qe1+ 40. Kg2 Qd2+ 41. Kg3 Qe1+ 42. Kg2 Qd2+ 43. Qf2 Qd5+ 44. Kg1 Qd1+ 45. Kh2
Kc6 46. Kg2 d5 47. Qf3 Qd2+ 48. Kg3 Qe1+ 49. Kg2 Qd2+ 50. Qf2 Qd3 51. Qf3 Qd2+
52. Qf2 Qc3 53. Qf3 Qb2+ 54. Kg3 Qe5+ 55. Qf4 Qa1 56. Qf3 1/2-1/2

[Event "XXV C.to Italiano a squadre A"]
[Site "ITA"]
[Date "1993.??.??"]
[Round "2"]
[White "Mariani, Stefano"]
[Black "Verrascina, Roberto"]
[Result "1/2-1/2"]
[WhiteElo "1893"]
[BlackElo "2240"]
[PlyCount "28"]
[EventDate "1993.01.31"]

1. e4 e5 2. Nf3 Nc6 3. Bb5 a6 4. Ba4 Nf6 5. Bxc6 dxc6 6. d3 Bg4 7. h3 Bxf3 8.
Qxf3 Nd7 9. O-O Be7 10. Nd2 O-O 11. Nc4 Bf6 12. Qg3 Qe7 13. Ne3 g6 14. Ng4 Bg7
1/2-1/2

[Event "XXV C.to Italiano a squadre A"]
[Site "ITA"]
[Date "1993.??.??"]
[Round "2"]
[White "Malloni, Marcello"]
[Black "Lantini, Marco"]
[Result "1/2-1/2"]
[WhiteElo "2235"]
[BlackElo "2195"]
[PlyCount "93"]
[EventDate "1993.01.31"]

1. e4 c6 2. d4 d5 3. Nc3 dxe4 4. Nxe4 Nd7 5. Nf3 Ngf6 6. Ng3 e6 7. Bd3 Be7 8.
O-O O-O 9. Re1 h6 10. Qe2 Bd6 11. c3 c5 12. Bc2 Qc7 13. Ne4 Be7 14. Nxf6+ Nxf6
15. dxc5 Bxc5 16. Ne5 Rd8 17. Bf4 Qb6 18. Rad1 Bd7 19. Nxd7 Nxd7 20. Bg3 Nf6
21. Rxd8+ Rxd8 22. Rd1 Rxd1+ 23. Bxd1 Bd6 24. Bc2 Bxg3 25. hxg3 g6 26. Bd3 h5
27. Bb1 Kf8 28. Qd2 Ke7 29. a3 Qc5 30. Kf1 Ng4 31. Be4 Qe5 32. Bf3 Nh2+ 33. Kg1
Nxf3+ 34. gxf3 Qd5 35. Qe2 Qc5 36. Kg2 Qd5 37. c4 Qc6 38. b4 b6 39. Qd3 Kf6 40.
Kf1 Ke7 41. Ke2 Qa4 42. f4 Qd7 43. Qc3 Qc6 44. Qd4 Qa4 45. Qc3 Qc6 46. Ke3 Qa4
47. Ke2 1/2-1/2

[Event "XXV C.to Italiano a squadre A"]
[Site "ITA"]
[Date "1993.??.??"]
[Round "2"]
[White "Martin, Tiziano"]
[Black "Buzzi, Dario"]
[Result "1-0"]
[WhiteElo "1957"]
[BlackElo "2124"]
[PlyCount "128"]
[EventDate "1993.01.31"]

1. e4 c5 2. Nc3 Nc6 3. g3 g6 4. Bg2 Bg7 5. d3 e6 6. Be3 d6 7. Qd2 Nd4 8. Nd1
Qc7 9. c3 Nc6 10. Ne2 Rb8 11. O-O Nge7 12. Bh6 O-O 13. Bxg7 Kxg7 14. Ne3 e5 15.
f4 f6 16. f5 Bd7 17. g4 g5 18. Ng3 Be8 19. Rad1 b5 20. Nd5 Nxd5 21. exd5 Na5
22. b4 cxb4 23. cxb4 Qb6+ 24. Kh1 Nb7 25. Rc1 Bd7 26. Ne4 h6 27. Qf2 Qxf2 28.
Rxf2 Rfc8 29. Rfc2 Rxc2 30. Rxc2 Rc8 31. Rxc8 Bxc8 32. Kg1 Kf7 33. Kf2 Ke7 34.
Ke3 a5 35. a3 axb4 36. axb4 Nd8 37. Bf1 Nf7 38. Be2 h5 39. h3 hxg4 40. hxg4 Nh6
41. Nc3 Bxf5 42. gxf5 Nxf5+ 43. Ke4 Nd4 44. Bg4 Kd8 45. Bh3 Ke7 46. Bc8 Nc2 47.
Nxb5 Nxb4 48. Bg4 Na6 49. Na7 Nc5+ 50. Ke3 Kf7 51. Nc8 Nb7 52. Bd7 Nc5 53. Bc6
f5 54. Nxd6+ Kf6 55. Nc4 f4+ 56. Ke2 g4 57. d6 Ke6 58. d7 Ke7 59. Nxe5 Ne6 60.
Kf2 Kd6 61. d4 g3+ 62. Kg2 Kc7 63. d5 Nd8 64. Ng6 Kd6 1-0

[Event "XXV C.to Italiano a squadre A"]
[Site "ITA"]
[Date "1993.??.??"]
[Round "2"]
[White "Milocco, Franco"]
[Black "Rossi, Carlo"]
[Result "1/2-1/2"]
[WhiteElo "2365"]
[BlackElo "2330"]
[PlyCount "54"]
[EventDate "1993.01.31"]

1. d4 Nc6 2. Nf3 d6 3. c4 f5 4. Nc3 Nf6 5. d5 Ne5 6. Nd4 c5 7. dxc6 Nxc6 8. Nc2
g6 9. g3 Bg7 10. Bg2 O-O 11. O-O Kh8 12. Rb1 h6 13. b3 g5 14. Bb2 f4 15. Nd5
Ng4 16. Bxg7+ Kxg7 17. Nd4 fxg3 18. hxg3 Bd7 19. Nxc6 bxc6 20. Ne3 Qb6 21. Nxg4
Bxg4 22. Qd2 Rf6 23. Rbc1 Rd8 24. Rc3 a5 25. Re3 e5 26. a4 Qc5 27. Rc1 Qa7
1/2-1/2

[Event "XXV C.to Italiano a squadre A"]
[Site "ITA"]
[Date "1993.??.??"]
[Round "2"]
[White "Passoni, Carlo"]
[Black "Werther, Florian"]
[Result "1/2-1/2"]
[WhiteElo "2230"]
[BlackElo "1993"]
[PlyCount "107"]
[EventDate "1993.01.31"]

1. e4 e5 2. Nf3 d6 3. d4 Nd7 4. Nc3 c6 5. Bc4 Be7 6. Bb3 Ngf6 7. h3 O-O 8. O-O
Qc7 9. Bg5 Rd8 10. Nh4 Nf8 11. Nf5 h6 12. Bh4 Ng6 13. Bg3 Bf8 14. Qf3 Kh7 15.
Rad1 b5 16. dxe5 Nxe5 17. Bxe5 dxe5 18. Rxd8 Qxd8 19. Bxf7 Qc7 20. Bb3 a5 21.
a4 b4 22. Nd1 Ba6 23. Re1 c5 24. Bd5 Rd8 25. Nde3 c4 26. Nh4 Nxd5 27. Qf5+ Kg8
28. Nxd5 Qd6 29. Rd1 Bc8 30. Qf3 Qe6 31. Nf5 Bb7 32. Nfe3 Bc5 33. Qf5 Qxf5 34.
Nxf5 Kf7 35. Kf1 h5 36. c3 Bc6 37. Nfe3 Bxe3 38. fxe3 Bxa4 39. Ra1 Bc2 40. Rxa5
Bxe4 41. Nxb4 Rd2 42. Rxe5 Bxg2+ 43. Ke1 Rxb2 44. Rxh5 g6 45. Rh4 g5 46. Rg4
Kf6 47. Rg3 Be4 48. Rg4 Kf5 49. Na6 Bd3 50. Rg3 Rc2 51. Nb4 Rxc3 52. Kd2 Ra3
53. Nxd3 Rxd3+ 54. Kc2 1/2-1/2

[Event "XXV C.to Italiano a squadre A"]
[Site "ITA"]
[Date "1993.??.??"]
[Round "2"]
[White "Pastres, Roberto"]
[Black "Paulmichl, Martin"]
[Result "0-1"]
[WhiteElo "2225"]
[BlackElo "1956"]
[PlyCount "106"]
[EventDate "1993.01.31"]

1. e4 c5 2. Nf3 d6 3. d4 cxd4 4. Nxd4 Nf6 5. Nc3 a6 6. f4 e5 7. Nf3 Nbd7 8. a4
b6 9. Bc4 Qc7 10. Qe2 Be7 11. O-O Bb7 12. fxe5 dxe5 13. Nh4 O-O 14. Nf5 Bb4 15.
Bg5 Bxc3 16. bxc3 Bxe4 17. Nh6+ gxh6 18. Bxf6 Nxf6 19. Rxf6 Bg6 20. Raf1 Rac8
21. Bxa6 Ra8 22. Bb5 Qxc3 23. Rxb6 Qd4+ 24. Qf2 Bxc2 25. Qxd4 exd4 26. Rf4 Rfd8
27. Rf2 Bxa4 28. Bc4 Be8 29. Rd2 Kg7 30. Rd3 Ra5 31. h4 Rc5 32. Rg3+ Kf8 33.
Bd3 Rc3 34. Kh2 h5 35. Rh6 Rd5 36. Rxh7 Re5 37. Rhg7 Bd7 38. Rg8+ Ke7 39. Bf1
Bg4 40. Ra8 Ree3 41. Rxe3+ dxe3 42. Bb5 Kd6 43. Ra2 Kc5 44. Be2 Bxe2 45. Rxe2
Kd4 46. Kg3 Ke4 47. Ra2 Rc6 48. Ra4+ Kd3 49. Ra3+ Kd2 50. Ra2+ Rc2 51. Ra7 Rc3
52. Ra2+ Kd1 53. Ra1+ Rc1 0-1

[Event "XXV C.to Italiano a squadre A"]
[Site "ITA"]
[Date "1993.??.??"]
[Round "2"]
[White "Pizzuto, Samuele Tullio"]
[Black "Satta, Vladimiro"]
[Result "1/2-1/2"]
[WhiteElo "2011"]
[BlackElo "2290"]
[PlyCount "81"]
[EventDate "1993.01.31"]

1. e4 e6 2. d4 d5 3. e5 c5 4. c3 Nc6 5. Nf3 Bd7 6. a3 f6 7. exf6 Nxf6 8. Bd3
Bd6 9. O-O Qc7 10. b4 cxd4 11. cxd4 O-O 12. Bb2 e5 13. dxe5 Nxe5 14. Bxe5 Bxe5
15. Ra2 Ng4 16. h3 Nh2 17. Nxh2 Bxh2+ 18. Kh1 Be5 19. Re2 Qd6 20. Rfe1 Rfe8 21.
Bc2 Rac8 22. Qd3 g6 23. Bb3 Kg7 24. Qxd5 Qxd5 25. Bxd5 b6 26. Rxe5 Rxe5 27.
Rxe5 Rc1+ 28. Kh2 Kf6 29. Re3 Rxb1 30. f4 Rd1 31. Bf3 Ra1 32. Rc3 Bb5 33. Re3
Bc4 34. Bc6 Ra2 35. Kg3 Bf1 36. Bd5 Rd2 37. Bf3 Ra2 38. Bd5 Rd2 39. Bf3 Ra2 40.
Re1 Bb5 41. Re3 1/2-1/2

[Event "XXV C.to Italiano a squadre A"]
[Site "ITA"]
[Date "1993.??.??"]
[Round "2"]
[White "Ratti, Ruggero"]
[Black "Demetz, Rainer"]
[Result "1-0"]
[WhiteElo "2320"]
[BlackElo "2157"]
[PlyCount "91"]
[EventDate "1993.01.31"]

1. Nf3 Nf6 2. c4 c5 3. Nc3 b6 4. e4 d6 5. d4 cxd4 6. Nxd4 Bb7 7. Qe2 e6 8. g3
Be7 9. Bg2 a6 10. O-O Qc7 11. Be3 Nbd7 12. Rac1 O-O 13. h3 Rfe8 14. Nb3 Rac8
15. Nd2 Ne5 16. Na4 Nfd7 17. f4 Ng6 18. b4 Bc6 19. Nc3 Qb8 20. Nb3 Ba8 21. a3
a5 22. Rfd1 Red8 23. Nb5 Nf6 24. Bf2 axb4 25. axb4 h5 26. h4 Ng4 27. Be1 Re8
28. Bf3 Nf6 29. Ra1 d5 30. cxd5 exd5 31. e5 Ne4 32. Rd4 Bxh4 33. Qh2 Be7 34.
Qxh5 Rc2 35. Rc1 Rec8 36. Rxc2 Rxc2 37. Bd1 Ra2 38. Qf3 Bc6 39. Nc3 Ra3 40.
Nxd5 Bxd5 41. Rxd5 f5 42. Qh5 Qe8 43. Rd3 Ra2 44. Bf3 Qc6 45. Re3 Bxb4 46. Bxb4
1-0

[Event "XXV C.to Italiano a squadre A"]
[Site "ITA"]
[Date "1993.??.??"]
[Round "2"]
[White "Schuler, Klaus"]
[Black "Diana, Riccardo"]
[Result "1/2-1/2"]
[WhiteElo "2240"]
[BlackElo "2100"]
[PlyCount "80"]
[EventDate "1993.01.31"]

1. e4 e5 2. Nf3 Nc6 3. Bb5 a6 4. Bxc6 dxc6 5. O-O Bg4 6. h3 h5 7. d3 Qf6 8.
Nbd2 Bc5 9. c3 Ne7 10. d4 exd4 11. Nb3 Bxf3 12. Qxf3 Qxf3 13. gxf3 Bb6 14. cxd4
O-O-O 15. Be3 g5 16. Kh2 Rdg8 17. Rg1 g4 18. Rg3 f5 19. h4 Rf8 20. Bg5 Ng6 21.
e5 Kd7 22. f4 Ke6 23. Rd3 Rf7 24. Rad1 Rd7 25. Kg3 Rhh7 26. Kg2 Rd5 27. Kf1
Rhd7 28. Ke2 Nf8 29. Ke3 Kf7 30. Nc5 Bxc5 31. dxc5 Ne6 32. b4 a5 33. Rxd5 Rxd5
34. Rxd5 cxd5 35. c6 bxc6 36. bxa5 Nc5 37. Kd4 Na6 38. Bh6 Ke6 39. Bf8 Kd7 40.
Bc5 Ke6 1/2-1/2

[Event "XXV C.to Italiano a squadre A"]
[Site "ITA"]
[Date "1993.??.??"]
[Round "2"]
[White "Sciortino, Massimo"]
[Black "Bozzo, Rodolfo"]
[WhiteElo "1933"]
[BlackElo "2100"]
[Result "0-1"]
[PlyCount "88"]
[EventDate "1993.01.31"]

1. d4 d5 2. Nf3 c5 3. e3 Nf6 4. Bd3 g6 5. O-O Bg7 6. Nbd2 Nbd7 7. c3 O-O 8. Re1
b6 9. e4 dxe4 10. Nxe4 cxd4 11. Nxd4 Bb7 12. Nxf6+ Nxf6 13. Be3 Qc7 14. Nb5 Qc6
15. Bf1 a6 16. Nd4 Qc7 17. h3 Nd5 18. Bg5 Rfe8 19. Qb3 e5 20. Nf3 h6 21. Bd2
Rad8 22. Rad1 g5 23. a4 Bf8 24. Bc1 e4 25. Nd4 Nf4 26. Be3 Bd5 27. Qc2 Qe5 28.
g3 Bd6 29. Nf3 exf3 30. Bxf4 Qxe1 31. Rxe1 Rxe1 32. Qd2 Rxf1+ 33. Kxf1 Bc4+ 34.
Kg1 gxf4 35. Qd4 Be6 36. Qxb6 Rd7 37. g4 Bf8 38. Qxa6 Rd1+ 39. Kh2 Rd2 40. Qb6
Bc4 41. Qc7 Bf1 42. Qb7 Bg2 43. Qb3 Rxf2 44. Qd1 Rf1 0-1

[Event "XXV C.to Italiano a squadre A"]
[Site "ITA"]
[Date "1993.??.??"]
[Round "2"]
[White "Soprano, Paolo"]
[Black "Arigoni, Bruno"]
[WhiteElo "2028"]
[BlackElo "1959"]
[Result "0-1"]
[PlyCount "78"]
[EventDate "1993.01.31"]

1. c4 Nf6 2. Nc3 e6 3. Nf3 d5 4. cxd5 exd5 5. d4 Be7 6. Bg5 O-O 7. e3 h6 8.
Bxf6 Bxf6 9. Bd3 Re8 10. O-O c6 11. h3 Be6 12. Qc2 Nd7 13. b4 Rc8 14. Rfc1 Qe7
15. Rab1 Nb6 16. a4 Qd7 17. Nd2 Rc7 18. a5 Nc8 19. Nb5 Nd6 20. Nxc7 Qxc7 21. a6
Rc8 22. b5 bxa6 23. Qxc6 Qe7 24. Qxa6 Re8 25. Rc6 Nf5 26. Nf3 Nh4 27. Nxh4 Bxh4
28. Ra1 Bxh3 29. gxh3 Bxf2+ 30. Kh1 Qxe3 31. Bf1 Kh7 32. b6 Qg5 33. Bd3+ f5 34.
Bc2 Re3 35. Qf1 Qh5 36. Kh2 Bg3+ 37. Kg2 Re2+ 38. Kxg3 Qg5+ 39. Kf3 Qe3# 0-1

[Event "XXV C.to Italiano a squadre A"]
[Site "ITA"]
[Date "1993.??.??"]
[Round "2"]
[White "Steinfl, Alessandro"]
[Black "Iannaccone, Ernesto"]
[Result "0-1"]
[WhiteElo "2260"]
[BlackElo "2385"]
[PlyCount "82"]
[EventDate "1993.01.31"]

1. d4 Nf6 2. Nf3 e6 3. e3 c5 4. Bd3 b6 5. Nbd2 Bb7 6. c3 d5 7. Ne5 Nbd7 8. f4
Be7 9. O-O O-O 10. Qf3 Qc8 11. Rf2 Ba6 12. Bc2 b5 13. g4 b4 14. g5 Ne8 15.
Bxh7+ Kxh7 16. Qh5+ Kg8 17. g6 fxg6 18. Nxg6 Bf6 19. Nf3 Bd3 20. Qh8+ Kf7 21.
Nxf8 Nxf8 22. Ne5+ Bxe5 23. fxe5+ Bf5 24. e4 dxe4 25. Be3 Nc7 26. Raf1 Nd5 27.
Rg2 Ng6 28. Qh5 Nde7 29. d5 Kg8 30. d6 Nd5 31. Rxf5 Nxe3 32. Rf7 Qe8 33. Rgf2
Nf5 34. Rc7 Nxe5 35. Qxe8+ Rxe8 36. d7 Rd8 37. Rc8 Nf7 38. cxb4 cxb4 39. Rfc2
Kf8 40. R2c4 e3 41. Re4 Ke7 0-1

[Event "XXV C.to Italiano a squadre A"]
[Site "ITA"]
[Date "1993.??.??"]
[Round "2"]
[White "Tassi, Oliviero"]
[Black "Zhu, Dinglong"]
[Result "1/2-1/2"]
[WhiteElo "2320"]
[BlackElo "2320"]
[PlyCount "28"]
[EventDate "1993.01.31"]

1. c4 Nf6 2. d4 e6 3. Nc3 Bb4 4. e3 b6 5. Nf3 Bb7 6. Bd3 Ne4 7. Qc2 f5 8. O-O
Bxc3 9. bxc3 O-O 10. Nd2 Qh4 11. f3 Nxd2 12. Bxd2 Nc6 13. e4 fxe4 14. fxe4 Ne7
1/2-1/2

[Event "XXV C.to Italiano a squadre A"]
[Site "ITA"]
[Date "1993.??.??"]
[Round "2"]
[White "Tirabassi, Maurizio"]
[Black "Tatai, Stefano"]
[Result "1/2-1/2"]
[WhiteElo "2340"]
[BlackElo "2440"]
[PlyCount "109"]
[EventDate "1993.01.31"]

1. d4 Nf6 2. Nf3 d5 3. Bf4 c5 4. e3 Nc6 5. c3 Qb6 6. Qb3 c4 7. Qxb6 axb6 8.
Nbd2 b5 9. Be2 Bf5 10. O-O e6 11. a3 h6 12. h3 Be7 13. Ne5 O-O 14. Rae1 Nxe5
15. Bxe5 Nd7 16. Bg3 Nb6 17. Bd1 b4 18. axb4 Ra2 19. e4 dxe4 20. Nxe4 Rxb2 21.
Bf3 Nd5 22. Nd6 Bxd6 23. Bxd6 Rd8 24. Bxd5 Bd3 25. Bxb7 Rxd6 26. Re3 Bxf1 27.
Kxf1 Rb6 28. Bf3 Ra6 29. g4 Ra1+ 30. Kg2 Raa2 31. d5 Rxf2+ 32. Kg3 Rxf3+ 33.
Kxf3 exd5 34. Re8+ Kh7 35. Ke3 Rc2 36. Kd4 Rd2+ 37. Kc5 Rd3 38. b5 Rxc3 39.
Kxd5 Rc1 40. Kc6 Rb1 41. Re4 c3 42. Rc4 Rb3 43. b6 h5 44. b7 hxg4 45. hxg4 Kg6
46. Kc7 f5 47. b8=Q Rxb8 48. Kxb8 fxg4 49. Rxg4+ Kf5 50. Rc4 g5 51. Kc7 g4 52.
Rxc3 Kf4 53. Kd6 g3 54. Rc2 Kf3 55. Ke5 1/2-1/2

[Event "XXV C.to Italiano a squadre A"]
[Site "ITA"]
[Date "1993.??.??"]
[Round "2"]
[White "Vallifuoco, Giacomo"]
[Black "Tommasini, Enzo"]
[Result "1-0"]
[WhiteElo "2380"]
[BlackElo "2102"]
[PlyCount "22"]
[EventDate "1993.01.31"]

1. Nf3 e6 2. c4 f5 3. g3 Nf6 4. Bg2 d5 5. O-O Bd6 6. b3 Qe7 7. Bb2 O-O 8. d3 c6
9. Nbd2 e5 10. c5 Bc7 11. b4 Re8 1-0

[Event "XXV C.to Italiano a squadre A"]
[Site "ITA"]
[Date "1993.??.??"]
[Round "2"]
[White "Werther, Tobias"]
[Black "Trabattoni, Franco"]
[Result "1-0"]
[WhiteElo "2325"]
[BlackElo "2335"]
[PlyCount "143"]
[EventDate "1993.01.31"]

1. d4 Nf6 2. Nf3 e6 3. g3 b6 4. Bg2 Bb7 5. O-O c5 6. c4 cxd4 7. Qxd4 Be7 8. Nc3
O-O 9. e4 d6 10. Rd1 Nc6 11. Qe3 Qb8 12. b3 Re8 13. h3 d5 14. e5 Bc5 15. Qf4
Ne4 16. Nxe4 dxe4 17. Rd7 Re7 18. Rxe7 Nxe7 19. Ng5 Nf5 20. Bxe4 Bxe4 21. Qxe4
h6 22. g4 hxg5 23. gxf5 exf5 24. Qxf5 Bd4 25. Rb1 Bxe5 26. Bxg5 Qd6 27. Re1 f6
28. Kg2 Rf8 29. Re4 Qc5 30. Bh6 Rf7 31. Rg4 Qd6 32. Qc8+ Kh7 33. Qf5+ Kg8 34.
Be3 Rd7 35. Qf3 Qd3 36. Qa8+ Kf7 37. Qh8 f5 38. Qh5+ Kf8 39. Rg5 Qe4+ 40. Qf3
Qxf3+ 41. Kxf3 Rf7 42. Bf4 Bd4 43. Rg6 Rd7 44. Be3 Kf7 45. Rc6 Be5 46. c5 bxc5
47. Rxc5 Ke6 48. Ra5 Bb8 49. Ra6+ Kd5 50. Bf4 Bxf4 51. Kxf4 Kc5 52. Kxf5 Kb5
53. Ke6 Rd2 54. Rxa7 Rxf2 55. Rxg7 Rxa2 56. h4 Rh2 57. Rg4 Rh3 58. b4 Rf3 59.
h5 Rh3 60. Rg5+ Kxb4 61. Kf6 Kc4 62. Kg7 Ra3 63. h6 Ra7+ 64. Kg6 Ra6+ 65. Kh5
Ra7 66. Rg7 Ra5+ 67. Rg5 Ra7 68. Rf5 Kd4 69. Kg6 Ke4 70. Rf7 Ra1 71. h7 Rg1+
72. Kf6 1-0

[Event "XXV C.to Italiano a squadre A"]
[Site "ITA"]
[Date "1993.??.??"]
[Round "3"]
[White "Abatino, Maurizio"]
[Black "Stassi, Emilio"]
[Result "1-0"]
[WhiteElo "2380"]
[BlackElo "2147"]
[PlyCount "103"]
[EventDate "1993.01.31"]

1. d4 Nf6 2. c4 e6 3. Nc3 d5 4. Bg5 Be7 5. cxd5 exd5 6. e3 c6 7. Qc2 Nbd7 8.
Bd3 O-O 9. Nge2 Re8 10. Ng3 Nf8 11. O-O-O b5 12. Nf5 Bxf5 13. Bxf5 a5 14. Kb1
a4 15. Rc1 N6d7 16. Bxe7 Qxe7 17. Ne2 Rec8 18. Nf4 g6 19. Bg4 b4 20. Qe2 f5 21.
Bf3 Nb6 22. h4 Ne6 23. Nxe6 Qxe6 24. g4 Nc4 25. Ka1 Rf8 26. g5 Kg7 27. h5 b3
28. a3 Qe7 29. Rxc4 dxc4 30. Qxc4 f4 31. h6+ Kh8 32. e4 Qxg5 33. Qxc6 Qe7 34.
Bg4 Rad8 35. d5 Qe5 36. f3 Rfe8 37. Rd1 Kg8 38. d6 Qf6 39. Qd5+ Kf8 40. d7 Re5
41. Qc4 Rg5 42. Qb4+ Qe7 43. Qd4 Qe5 44. Qxa4 Rxg4 45. fxg4 g5 46. Qb4+ Qe7 47.
Qd4 Kf7 48. Qd5+ Kf8 49. e5 Qf7 50. e6 Qf6 51. Qd6+ Qe7 52. Qe5 1-0

[Event "XXV C.to Italiano a squadre A"]
[Site "ITA"]
[Date "1993.??.??"]
[Round "3"]
[White "Barlocco, Carlo"]
[Black "Werther, Tobias"]
[Result "1-0"]
[WhiteElo "2300"]
[BlackElo "2325"]
[PlyCount "157"]
[EventDate "1993.01.31"]

1. d4 Nf6 2. g3 g6 3. Bg2 d5 4. Nf3 Bg7 5. c4 O-O 6. cxd5 Nxd5 7. O-O Nc6 8.
Nc3 Nb6 9. Be3 Nc4 10. Bf4 Bg4 11. Qb3 Nb6 12. e3 Be6 13. Qc2 Nb4 14. Qd2 N4d5
15. Rac1 Nxf4 16. gxf4 Nc4 17. Qc2 c6 18. Na4 Nd6 19. Nc5 Qc8 20. Nxe6 Qxe6 21.
a3 Rfd8 22. Ne5 Bxe5 23. fxe5 Nf5 24. Qe4 Qb3 25. Qc2 Qe6 26. Qc4 Qd7 27. Bh3
e6 28. Qe2 Qe7 29. Kh1 Qh4 30. Qf3 Rac8 31. Rg1 Kh8 32. b4 a6 33. Bf1 Qe7 34.
Bd3 a5 35. Rb1 axb4 36. axb4 Ra8 37. Rgc1 Ra3 38. Bxf5 gxf5 39. b5 Rxd4 40.
bxc6 bxc6 41. Qxc6 Rd7 42. Rg1 Rad3 43. Qg2 Qf8 44. Qg5 Qa8+ 45. Qg2 Qxg2+ 46.
Kxg2 Rd8 47. Kf3 Rg8 48. Rgc1 Rd7 49. Rc4 Rg6 50. Rb8+ Kg7 51. Rcc8 Kh6 52. Rf8
Kg5 53. Rb4 Kh6 54. Rd4 Ra7 55. h3 Rb7 56. Rd3 Ra7 57. e4 fxe4+ 58. Kxe4 Kg7
59. Rfd8 Rg2 60. f4 Rg1 61. R8d4 Rb7 62. Kf3 Rc7 63. Kf2 Rcc1 64. Rg3+ Rxg3 65.
Kxg3 Rg1+ 66. Kf2 Rh1 67. Kg2 Ra1 68. Rd3 Ra2+ 69. Kf3 Kg6 70. Rd8 Ra3+ 71. Kg4
h5+ 72. Kh4 Rf3 73. Rg8+ Kh7 74. Rg5 Rxf4+ 75. Kxh5 f6 76. exf6 Rxf6 77. Re5
Rf5+ 78. Rxf5 exf5 79. Kg5 1-0

[Event "XXV C.to Italiano a squadre A"]
[Site "ITA"]
[Date "1993.??.??"]
[Round "3"]
[White "Barletta, Mauro"]
[Black "Montani, Francesco"]
[Result "1-0"]
[WhiteElo "2235"]
[BlackElo "2167"]
[PlyCount "67"]
[EventDate "1993.01.31"]

1. e4 c5 2. Nf3 e6 3. Nc3 a6 4. g3 b5 5. Bg2 Bb7 6. d3 Nf6 7. O-O d5 8. e5 Nfd7
9. Re1 Be7 10. h4 Nc6 11. Bf4 h6 12. h5 b4 13. Nb1 Qc7 14. c3 g5 15. hxg6 fxg6
16. Bh3 g5 17. Bc1 Nf8 18. d4 O-O-O 19. a3 Rg8 20. Bg4 bxa3 21. Nxa3 h5 22.
Bxh5 g4 23. Nh2 cxd4 24. cxd4 Bb4 25. Re2 Qh7 26. Bxg4 Rxg4 27. Nxg4 Nd7 28.
Bg5 Rh8 29. Bh4 Be7 30. f3 Nxd4 31. Qxd4 Bxh4 32. Rh2 Qf5 33. Rxh4 Rxh4 34.
gxh4 1-0